PRINCIPLES OF TRANSISTOR CIRCUITS (Record no. 584549)

000 -LEADER
fixed length control field 00254nam a22001097a 4500
082 ## - DEWEY DECIMAL CLASSIFICATION NUMBER
Classification number 621.38152 PRI
100 ## - MAIN ENTRY--PERSONAL NAME
Personal name SHEA,R.F
9 (RLIN) 79515
245 ## - TITLE STATEMENT
Title PRINCIPLES OF TRANSISTOR CIRCUITS
260 ## - PUBLICATION, DISTRIBUTION, ETC.
Place of publication, distribution, etc. USA
Name of publisher, distributor, etc. JOHN WILEY & SONS
Date of publication, distribution, etc. 1953
300 ## - PHYSICAL DESCRIPTION
Extent 535P
942 ## - ADDED ENTRY ELEMENTS (KOHA)
Koha item type Book
Holdings
Withdrawn status Lost status Damaged status Not for loan Permanent Location Current Location Shelving location Date acquired Total Checkouts Full call number Barcode Date last seen Price effective from Koha item type
        College of Electrical & Mechanical Engineering (CEME) College of Electrical & Mechanical Engineering (CEME) General Stacks 07/04/2017   621.38152 PRI CEME-6520 06/28/2021 06/28/2021 Book
        College of Electrical & Mechanical Engineering (CEME) College of Electrical & Mechanical Engineering (CEME) General Stacks 07/04/2017   621.38152 PRI CEME-6521 06/28/2021 06/28/2021 Book
© 2023 Central Library, National University of Sciences and Technology. All Rights Reserved.